00334pab a2200133 454500008004000000100001700040245005300057260000900110300001400119362000800133650001200141650001600153773003100169180718b2007 xxu||||| |||| 00| 0 eng d aSaiz, Albert aImmigration and housing rents in American cities c2007 ap.345-71. aMar aHousing aImmigration aJournal of Urban Economics